Shadowy speculation (Record no. 78733)

MARC details
000 -LEADER
fixed length control field 01222cab a22002175a 4500
001 - CONTROL NUMBER
control field L137873
008 - FIXED-LENGTH DATA ELEMENTS--GENERAL INFORMATION
fixed length control field 070503e20070427xxk f g 000 0 eng d
035 ## - SYSTEM CONTROL NUMBER
System control number (Sirsi) u137873
041 0# - LANGUAGE CODE
Language code of text/sound track or separate title eng
100 1# - MAIN ENTRY--PERSONAL NAME
Personal name Williams, Owen
245 00 - TITLE STATEMENT
Title Shadowy speculation
260 ## - PUBLICATION, DISTRIBUTION, ETC.
Date of publication, distribution, etc. 2007
490 ## - SERIES STATEMENT
Series statement Inside Housing
Volume/sequential designation 27 April 2007, 15(1)
520 ## - SUMMARY, ETC.
Summary, etc. Comments on two recent legal cases concerned with the right to light. Both considered the possibility of damages being awarded to the plaintiff rather than an injunction. One case (L135566) established that the onus is on the developer to establish that damages are more appropriate. The other (L136793) set out ways of assessing the level of damages which should be awarded. This calculation is based on a judge's view of a hypothetical negotiation between the parties in which the plaintiff waives its right to light. The overriding consideration in such cases remains that the deal should feel right to the judge.
590 ## - LOCAL NOTE (RLIN)
Local note KA
650 24 - SUBJECT ADDED ENTRY--TOPICAL TERM
Topical term or geographic name entry element REGAN V PAUL PROPERTIES LTD AND OTHERS
650 24 - SUBJECT ADDED ENTRY--TOPICAL TERM
Topical term or geographic name entry element TAMARES (VINCENT SQUARE) LTD V FAIRPOINT PROPERTIES (VINCENT SQUARE) LTD
651 #4 - SUBJECT ADDED ENTRY--GEOGRAPHIC NAME
Geographic name England and Wales
Chronological subdivision 1543-
690 ## - LOCAL SUBJECT ADDED ENTRY--TOPICAL TERM (OCLC, RLIN)
Topical term or geographic name as entry element PROPERTY-PROPERTY DEVELOPMENT
942 ## - ADDED ENTRY ELEMENTS (KOHA)
Suppress in OPAC 0
Holdings
Withdrawn status Lost status Source of classification or shelving scheme Damaged status Not for loan Home library Current library Shelving location Date acquired Total Checkouts Full call number Barcode Date last seen Copy number Price effective from Koha item type
    Dewey Decimal Classification     London London Journal article 03/05/2007   L137873 137873-1001 06/08/2019 1 06/08/2019 Journal article